Responses for Show #4349 - Thursday, June 26, 2003

Seth Alcorn game 2.

Contestants

[<< previous game]

Elaine Brofford, an usability consultant from Denver, Colorado

Nancy Jankowiak, a program manager from Woburn, Massachusetts

Seth Alcorn, a bookseller from Placentia, California (whose 1-day cash winnings total $42,100)

[next game >>]

Jeopardy! Round responses

THE GREAT DEPRESSION
SHAPES
CHARACTER DEVELOPMENT
JIMMY JAM
DRIVING
ADD A LETTER
    $200 26
unemployment rate

Nancy
    $200 6
(Seth: What is a heart?)

pyramid

SethNancy
    $200 1
James Bond

Seth
    $200 11
Jimmy Smits

Seth
    $200 21
using cell phones while driving

Elaine
    $200 16
I (for maize)

Seth
    $400 27
bread line

Seth
    $400 7
triangle

Seth
    $400 2
Revolutionary War

Seth
    $400 12
Jimmy Buffett

Nancy
    $400 22
crosswalks

Nancy
    $400 17
G (for regal)

Seth
    $600 28
bank holiday

Elaine
    $600 8
rectangle

Seth
    $600 3
Frida Kahlo

Nancy
    $600 13
Jimmy Connors

Nancy
    $600 23
oil & air

Seth
    $600 18
A (for piazza)

Nancy
    $800 29
Herbert Hoover

Nancy
    $800 9
cube

Triple Stumper
    $800 4
Esmeralda

Nancy
    $800 14
Jimmy Page

Nancy
    $800 24
windshield wiper blades

Seth
    $800 19
M (for flume)

Nancy
    $1000 30
Smoot & Hawley

Seth
    $1000 10
spheres

Seth
    $1,400 5
(Nancy: What is England?)

India

Nancy
    $1000 15
(Seth: Who is Jimmy Kimmel?)
(Elaine: Who is Jimmy Belushi?)

Jimmy Fallon

SethElaine
Triple Stumper
    $1000 25
high occupancy vehicle

Nancy
    $1000 20
O (for oology)

Nancy

Scores at the first commercial break (after clue 15):

Seth Nancy Elaine
$1,600 $2,000 -$1,000

Scores at the end of the Jeopardy! Round:

Seth Nancy Elaine
$5,000 $6,800 -$200

Double Jeopardy! Round responses

MEDICINE
LAWYERS, GUNS & MONEY
(Alex: That's a combination!)
INVENTIVE MINDS
AREAS OF THE U.S.
ALL IN THE FAMILY
(Alex: A reference to the television series.)
"MOTHER", "FATHER", "SISTER", "BROTHER"
    $400 2
ear

Nancy
    $400 1
Colt .45

Nancy
    $400 18
(Seth: What is a pop top?)

pull tab opener

Seth
Triple Stumper
    $400 23
Great Lakes

Seth
    $400 9
Smithsonian Institution

Elaine
    $400 8
Father Time

Elaine
    $800 3
nitrous oxide

Seth
    $800 4
Johnnie Cochran

Seth
    $800 19
paper clip

Elaine
    $800 24
Times Square

Nancy
    $800 10
Rob Reiner

Seth
    $800 11
mother tongue

Nancy
    $1200 28
marrow

Nancy
    $1200 5
Dirty Harry

Seth
    $1200 20
loom

Nancy
    $1200 25
(Seth: What is the Bible Belt?)

Sun Belt

SethNancy
    $1200 15
Maude

Elaine
    $1200 12
"The Brothers Karamazov"

Seth
    $1600 29
electroencephalogram

Seth
    $1600 6
Alan Dershowitz

Triple Stumper
    $3,000 21
(Alex: I definitely prefer zipper over clasp locker!)

zipper

Nancy
    $1600 26
the Painted Desert

Elaine
    $3,700 16
(Alex: "Boy the way Glenn Miller played...guys like us, we had it made.")

Glenn Miller

Elaine
    $1600 13
mother of pearl

Nancy
    $2000 30
Human Genome Project

Nancy
    $2000 7
the Secret Service

Seth
    $2000 22
Robert Jarvik

Triple Stumper
    $2000 27
the Badlands

Seth
    $2000 17
Sammy Davis, Jr.

Elaine
    $2000 14
The Three Sisters

Elaine

Scores at the end of the Double Jeopardy! Round:

Seth Nancy Elaine
$14,200 $19,400 $11,900

[wagering suggestions for these scores]

Final Jeopardy! Round responses

WORD ORIGINS
(Alex: The Greek word for "all" is "pan"; Seth, you're well on your way to setting a new record!)
ElaineWhat ?
$11,899
SethWhat is pandemonium?
$14,100
NancyWhat is chaos?
$9,001
pandemonium

Final scores:

Seth Nancy Elaine
$28,300 $10,399 $1
2-day champion: $70,400 2nd place: $2,000 3rd place: $1,000

Game dynamics:

Coryat scores:

Seth Nancy Elaine
$14,200 $19,400 $9,800
21 R,
4 W
23 R
(including 1 DD),
1 W
(including 1 DD)
10 R
(including 1 DD),
1 W

Combined Coryat: $43,400

[game clues] [game scores] [suggest correction]

Game tape date: 2003-02-25
The J! Archive is created by fans, for fans. Scraping, republication, monetization, and malicious use prohibited; this site may use cookies and collect identifying information. See terms. The Jeopardy! game show and all elements thereof, including but not limited to copyright and trademark thereto, are the property of Jeopardy Productions, Inc. and are protected under law. This website is not affiliated with, sponsored by, or operated by Jeopardy Productions, Inc. Join the discussion at JBoard.tv.